ბათუმის შოთა რუსთაველის სახელმწიფო უნივერსიტეტის ბიბლიოთეკა

Поздняя латинская поэзия. (ბიბ.ჩანაწერი № 61125)

000 -LEADER
fixed length control field 00628nam a22001697a 4500
005 - DATE AND TIME OF LATEST TRANSACTION
control field 20231221112740.0
008 - FIXED-LENGTH DATA ELEMENTS--GENERAL INFORMATION
fixed length control field 231221s1982 ru ||||| |||| 00| 0 rus d
041 ## - LANGUAGE CODE
Language code of text/sound track or separate title rus
080 ## - UNIVERSAL DECIMAL CLASSIFICATION NUMBER
Universal Decimal Classification number 821.124-1''3/5'' П-47
245 ## - TITLE STATEMENT
Title Поздняя латинская поэзия.
264 ## - PRODUCTION, PUBLICATION, DISTRIBUTION, MANUFACTURE, AND COPYRIGHT NOTICE
Place of production, publication, distribution, manufacture М.:
Name of producer, publisher, distributor, manufacturer Художественная литература,
Date of production, publication, distribution, manufacture, or copyright notice 1982.
300 ## - PHYSICAL DESCRIPTION
Extent 719 с.;
Other physical details 21 см.
440 ## - SERIES STATEMENT/ADDED ENTRY--TITLE
Title Библиотека античной литературы
9 (RLIN) 20427
653 ## - INDEX TERM--UNCONTROLLED
keyword ლათინური პოეზია
653 ## - INDEX TERM--UNCONTROLLED
keyword ანტიკური ლიტერატურა
942 ## - ADDED ENTRY ELEMENTS (KOHA)
Source of classification or shelving scheme
Koha item type წიგნი
ეგზემპლარები
Withdrawn status Lost status Source of classification or shelving scheme Damaged status Not for loan Permanent Location Current Location Shelving location Date acquired Cost, normal purchase price Full call number Barcode Date last seen Copy number Uniform Resource Identifier Price effective from Koha item type Public note
          ბათუმის შოთა რუსთაველის სახელმწიფო უნივერსიტეტის მთავარი ბიბლიოთეკა ბათუმის შოთა რუსთაველის სახელმწიფო უნივერსიტეტის მთავარი ბიბლიოთეკა წიგნსაცავი 2023-12-21 8.00 821.124-1''3/5'' П-47 65637 2023-12-21 65637 ბსუ-ს საპატიო დოქტორის გურამ ლორთქიფანიძის საჩუქარი 2023-12-21 წიგნი 8 ლ.